Physics for scientists and engineers

Saved in:
Bibliographic Details
Main Author: Fishbane, Paul M.
Other Authors: Gasiorowicz, Stephen, Thornton, Stephen T.
Format: Book
Language:English
Published: Upper Saddle River, N.J. : Prentice-Hall, c1996
Edition:2nd ed.
Subjects:
Tags: Add Tag
No Tags, Be the first to tag this record!

MARC

LEADER 00000nam a2200000 i 4500
001 1/6001
008 000609s1995 eng d
020 |a 0-13-231150-X 
035 |l 10061781 
040 |a GR-MY-UA  |b gre  |e aacr 
041 0 |a eng 
082 0 |a 530 
100 1 |a Fishbane, Paul M. 
245 1 0 |a Physics for scientists and engineers /  |c Paul M. Fishbane, Stephen Gasiorowicz, Stephen T. Thornton 
250 |a 2nd ed. 
260 |a Upper Saddle River, N.J. :   |b Prentice-Hall,   |c c1996 
300 |a 1 v.(various pagings);  |b ill. (some col.;  |c 28 cm. 
504 |a Includes index 
650 0 0 |a Physics. 
700 1 |a Gasiorowicz, Stephen. 
700 1 |a Thornton, Stephen T. 
852 |a INST  |b SAMOS  |e 20000609  |h 530 FIS  |p 005300019594  |q 005300019594  |t BK  |y 0 
901 |a BIBL3-2000-2 
909 |a Σ  |b 078770 
922 |a 3ΕΛΗ  |b 200005  |c ΚΠΣ  |d ΠΑΠΑΣΩΤΗΡΙΟΥ 
950 |a 116-1999-12-31 
970 |a ΚΟΣΙΕΡΗΣ  |b ΧΡΗΣΤΟΣ  |z 2000/06/14